000 00488nam a2200157Ia 4500
008 180815s9999 xx 000 0 und d
020 _a9789719258025
100 _aYbañez, Roy C.
245 _cRoy C. Ybañez, Alberto R. Ilano.--
_aCorporate finance:
_btext and Philippine cases /
250 _a2nd ed
260 _aQuezon City :
_bUniversity of the Philippines
_c2009
300 _a550 pages.
440 _vvol 1
650 _aCorporate finance.
650 _aCorporations -- Finance.
999 _c358310
_d358310